| 000 | 00549nam a22002177a 4500 | ||
|---|---|---|---|
| 005 | 20230425173540.0 | ||
| 008 | 190128b1999 xxu||||| |||| 00| 0 spa d | ||
| 020 | _a844941444 | ||
| 041 |
_aESP _aING |
||
| 082 | _aR 658.03 D545d | ||
| 245 | _aDiccionario de administración y finanzas | ||
| 260 | _aEspaña | ||
| 260 | _bOcéano | ||
| 260 | _c1999 | ||
| 300 | _a704 páginas | ||
| 505 | _aContiene disco compacto N° 41 | ||
| 650 |
_aDICCIONARIOS _974900 |
||
| 650 |
_aADMINISTRACIÓN _974901 |
||
| 650 |
_aFINANZAS _974902 |
||
| 942 | _cREF | ||
| 999 |
_c11607 _d11607 |
||